The application of forecasting techniques to the property market : papers presented at a series of technical seminars ... Spring 1989 (Record no. 92603)
[ view plain ]
| 000 -LEADER | |
|---|---|
| fixed length control field | 00786cam a2200229 4500 |
| 008 - FIXED-LENGTH DATA ELEMENTS--GENERAL INFORMATION | |
| fixed length control field | 090401t1989 xxu||||| |||| 00| 0 eng d |
| 020 ## - INTERNATIONAL STANDARD BOOK NUMBER | |
| International Standard Book Number | 0854064400 |
| 035 ## - SYSTEM CONTROL NUMBER | |
| System control number | (Sirsi) u49841 |
| 041 ## - LANGUAGE CODE | |
| Language code of text/sound track or separate title | eng |
| 050 ## - LIBRARY OF CONGRESS CALL NUMBER | |
| Classification number | 332.6324 |
| 110 ## - MAIN ENTRY--CORPORATE NAME | |
| Corporate name or jurisdiction name as entry element | Society of Property Researchers |
| 9 (RLIN) | 23 |
| 245 #4 - TITLE STATEMENT | |
| Title | The application of forecasting techniques to the property market : papers presented at a series of technical seminars ... Spring 1989 |
| 260 ## - PUBLICATION, DISTRIBUTION, ETC. | |
| Place of publication, distribution, etc. | London |
| Name of publisher, distributor, etc. | Royal Institution of Chartered Surveyors |
| Date of publication, distribution, etc. | 1989 |
| 300 ## - PHYSICAL DESCRIPTION | |
| Extent | 64p. ; 30cm. |
| 350 ## - PRICE (NR) (BK AM CF MU VM SE) [OBSOLETE] | |
| Price | 7.5 |
| 520 ## - SUMMARY, ETC. | |
| Summary, etc. | Papers by Pearce,Brian ; Hetherington,John ; Chandler,John Wood,Bronwen . |
| 650 ## - SUBJECT ADDED ENTRY--TOPICAL TERM | |
| Topical term or geographic name entry element | ECONOMETRICS |
| 650 ## - SUBJECT ADDED ENTRY--TOPICAL TERM | |
| Topical term or geographic name entry element | FORECASTS |
| 710 ## - ADDED ENTRY--CORPORATE NAME | |
| Corporate name or jurisdiction name as entry element | Royal Institution of Chartered Surveyors |
| 9 (RLIN) | 4900 |
| 942 ## - ADDED ENTRY ELEMENTS (KOHA) | |
| Suppress in OPAC | 0 |
| 948 ## - LOCAL PROCESSING INFORMATION (OCLC); SERIES PART DESIGNATOR (RLIN) | |
| c (OCLC) | 04/03/1997 |
| Withdrawn status | Lost status | Source of classification or shelving scheme | Damaged status | Not for loan | Home library | Current library | Shelving location | Date acquired | Cost, normal purchase price | Total Checkouts | Full call number | Barcode | Date last seen | Date last checked out | Copy number | Cost, replacement price | Price effective from | Koha item type |
|---|---|---|---|---|---|---|---|---|---|---|---|---|---|---|---|---|---|---|
| Dewey Decimal Classification | London | London | Folio | 19/08/1991 | 7.50 | 1 | F332.6324 | 30000965 | 06/08/2019 | 26/01/2000 | 1 | 7.50 | 06/08/2019 | Book | ||||
| Dewey Decimal Classification | London | London | Folio | 19/08/1991 | 7.50 | 3 | F332.6324 | 30000967 | 06/08/2019 | 03/11/2003 | 3 | 7.50 | 06/08/2019 | Book |